LEADER 01408nam a2200301 i 4500 001 000000047580 003 CaOOAMICUS 005 20150729000000.0 008 150729s1988 it u000 u ita u 013 $a18750 020 $a88-372-1350-6 040 $aSeMil$bita 100 1 $aAdornato, Giselda,$d<1959- >.$0(OLS)http://semarc/name/16301 245 10$aGiovanni Battista Montini :$breligione e lavoro nella Milano degli anni '50 /$cGiselda Adornato ; Prefazione di Giorgio Rumi. 260 $aBrescia :$bMorcelliana,$ccopyr. 1988. 300 $a162 p. ;$c23 cm. 490 0 $aBiblioteca di storia contemporanea ;$v43 500 $aIn preliminari : Fondo Conti. 600 04$aPaolo VI .$0(OLS)http://semarc/subject/713 650 4$aMilano (Arcidiocesi) - Storia - Sec. 20.$0(OLS)http://semarc/subject/2614 700 1 $aRumi, Giorgio ,$d<1938-2006>.$0(OLS)http://semarc/name/10288 830 0$aBiblioteca di storia contemporanea ;$v43.$0(OLS)http://semarc/title/374 850 $aSeMil 852 $aSeMil$W1$xVenegono$y1$m3N V 312$j13735$B13735$CSeMilBibl$Z2$F13735 $81 961 $aOmaggio: Conti Franco 996 $6020$a88-372-1350-6$9(OLS)http://semarc/number/20337 996 $6245$aGiovanni Battista Montini :$breligione e lavoro nella Milano degli anni '50$9(OLS)http://semarc/title/71758 996 $6260$aBrescia :$bMorcelliana$9(OLS)http://semarc/publisher/29629 LEADER 01434nam a2200313 i 4500 001 000000080689 003 CaOOAMICUS 005 20170918000000.0 008 170918s2017 it u000 u ita u 013 $a52927 020 $a978-88-922-1064-6 040 $aSeMil$bita 100 1 $aCalvin, Jean,$d<1509-1564>.$0(OLS)http://semarc/name/6290 245 13$aLa conoscenza di Dio :$bsu cosa si fonda la religione cristiana /$cGiovanni Calvino ; Versione italiana e note a cura di Luca Crippa ; Introduzione di monsignor Franco Buzzi. 260 $aCinisello Balsamo :$bSan Paolo,$c2017. 300 $a222 p. ;$c18 cm. 490 0 $aNuovi fermenti 500 $aComprende i primi 12 capitoli del libro 1. dell'Institutio christianae religionis. 650 4$aDio - Conoscibilità.$0(OLS)http://semarc/subject/1185 700 1 $aCrippa, Luca,$d<1964- >.$0(OLS)http://semarc/name/39681 830 0$aNuovi fermenti.$0(OLS)http://semarc/title/6221 850 $aSeMil 852 $aSeMil$W1$xVenegono$y1$m2K I 85$j46103$B46103$CSeMilBibl$Z2$F48286 $81 900 1 $aCalvino, Giovanni. 961 $aOmaggio: Buzzi mons. Franco 996 $6020$a978-88-922-1064-6$9(OLS)http://semarc/number/270832 996 $6245$aLa conoscenza di Dio :$bsu cosa si fonda la religione cristiana$9(OLS)http://semarc/title/404090 996 $6260$aCinisello Balsamo :$bSan Paolo$9(OLS)http://semarc/publisher/30129